| 000 | 00598nmm a2200181Ia 4500 | ||
|---|---|---|---|
| 008 | 251105s9999||||xx |||||||||||||||||und|| | ||
| 041 | _aspa | ||
| 100 | _aMartínez Robles, David | ||
| 245 | 0 | _aNarrativas chinas: Ficciones y otras formas de no-literatura | |
| 264 |
_a[Madrid, España] : _bUniversitat Oberta de Catalunya, _c2008 |
||
| 300 | _a248 páginas | ||
| 650 | _aOther Literatures and languages | ||
| 700 | _aMartínez Robles, David | ||
| 700 | 1 | _a Prado-Fonts, Carles | |
| 700 | 1 | _a Relinque Eleta, Alicia | |
| 856 | _uhttps://public.digitaliapublishing.com/a/63043 | ||
| 942 | _cCF | ||
| 999 |
_c68517 _d68517 |
||